00987nam a2200217 a 4500001001000000003000400010005001700014008004100031040002500072082001600097100003300113245010300146260006200249300002000311590002700331910001400358942001300372952017800385952018900563999001700752000033494OSt20201127095843.0110830s1958 dr 000 0 spa d aDO-SdBNPbspacBNPHU axxxxbA973t1 aAybar Mella, Ramón 95902110aTransformación social de la República Dominicana en la Era de Trujillo /cRamón Aybar Mella. aCiudad Trujillo, República Dominicana :bStella,c1958. a28 p. ;c24 cm. aInventariado, 2020/ YL aYLockward 2ddccLF2 00102ddc51718RVaPDbPDcCTd2011-08-30eFlia. Martinez BoogiLF1l0o p33494-10r2020-06-25w2020-06-25yLF2zPerteneció a la biblioteca personal de Martínez Boog 00102ddc51728RVaPDbPDcCTd2013-08-30eFlia. Reyes DuluciLF1l0o p2020-0599r2020-11-27te. 2w2020-06-25yLF2zPerteneció a la biblioteca personal de la Flia. Reyes Duluc  c32985d32985